000 00835nam a2200241Ia 4500
003 GCL
005 20240530095328.0
008 140319s9999 xx 000 0 ara d
020 _a6015977
040 _aGCL /
_cGCL
082 0 4 _a338.514
_bا ا
100 1 _aاحمد فوزى ملوخية
245 1 0 _aاسس دراسات الجدوى للمشروعات الاقتصادية /
_cاحمد فوزى ملوخية
250 _aالاولى
260 _aالقاهرة :
_bبستان المعرفة ،
_c2003
300 _a312 ص ؛
_c24 سم
650 0 4 _aالتنمية الاقتصادية
650 0 4 _aدراسة الجدوى
650 0 4 _aالمشروعات - تنظيم وادارة
650 0 4 _aالمشروعات - ضبط التكاليف
650 0 4 _aالمشروعات الاقتصادية
942 _2ddc
_cBK
999 _c6201
_d6201